000 00797 a2200229 4500
003 Nust
005 20170207171611.0
010 _a 2002279109
020 _a0130422320
040 _cNust
082 0 0 _a621.382
100 1 _aRappaport, Theodore S.,
245 1 0 _aWireless communications : (E-BOOK)
_bprinciples and practice /
_cTheodore S. Rappaport.
250 _a2nd ed.
260 _aUpper Saddle River, N.J. :
_bPrentice Hall PTR,
_cc2002.
300 _axxiii, 707 p. :
_bill. ;
_c25 cm.
440 0 _aPrentice Hall communications engineering and emerging technologies series
650 0 _aMobile communication systems.
650 0 _aTelecommunication systems.
650 0 _aWireless communication systems.
856 4 1 _3Table of contents
_uhttp://www.loc.gov/catdir/toc/fy022/2002279109.html
942 _2ddc
_cBK
999 _c217717
_d217717